01762nam a22002297a 4500008004100000020001800041040000800059041000800067050002400075100003800099245010200137260004200239300005700281504005700338520094800395650002001343650002501363650002401388942000801412952009701420999001501517250516b |||||||| |||| 00| 0 eng d a9789063694319 ctbs aeng aBF637.N4 bH48 2017 aHeus, Geurt Jan de925261eauthor aMastering the art of negotiation b: seven guides for creating your journeyc/ Geurt Jan de Heus. aAmsterdam : bBIS Publishers, c2017. a213 pages :billustrations (chiefly color) ;c20 cm. aIncludes bibliographical references (pages 210-213). aYou negotiate on a daily basis. You just may not always notice it and/or be aware of it. Every day, at home and at work, you collaborate, find solutions, solve problems, or deal with differences of opinion or even conflicts. This book applies seven basic principles for you to take ownership of the process of negotiation. It builds on the foundational theory of Getting to Yes. It provides insight into your personal pitfalls and allows you to handle increasing complexity in negotiations in a more conscious and resilient manner. This book answers the most frequently asked questions spanning over 20 years in the author’s training and coaching practice. Hundreds of books have been written on the topic of negotiation. This book combines the psychological components, collaboration and project leadership and brings them together to address various challenges and reconcile them with consciousness, resilience, creativity, and strength. 0aNegotiation963 0aDecision making9339 0aSocial groups97507 2lcc 00102lcc4070aTBSbTBSd2025-05-16l0oBF637.N4 JANpB05829r2025-05-16t1w2025-05-16y1 c4675d4675